Statistics for Identifying Countries on the Map

Click here to take the quiz!

General Stats

  • This quiz has been taken 361 times
    (309 since last reset)
  • The average score is 14 of 20

Answers on the Map

Answers color-coded by a green-red scale on the quiz's map according to % correct below.
 

Answer Stats

Answer% Correct
Algeria
100%
Angola
100%
Argentina
100%
Benin
100%
Brazil
100%
Bulgaria
100%
Chad
100%
China
100%
Croatia
100%
Dominican Republic
100%
East Timor
100%
Ecuador
100%
El Salvador
100%
Estonia
100%
Finland
100%
Gabon
100%
Ivory Coast
100%
Japan
100%
Kyrgyzstan
100%
Latvia
100%
Liberia
100%
Madagascar
100%
Malaysia
100%
Mauritius
100%
Myanmar
100%
Netherlands
100%
Norway
100%
Pakistan
100%
Panama
100%
Peru
100%
Russia
100%
Senegal
100%
Sierra Leone
100%
Spain
100%
Sudan
100%
Thailand
100%
Togo
100%
Mexico
90%
Poland
90%
Armenia
89%
Bolivia
89%
India
89%
Laos
88%
Portugal
88%
Indonesia
86%
Mali
86%
Morocco
86%
North Korea
86%
Central African Republic
83%
Egypt
83%
Italy
83%
Kenya
83%
Nicaragua
83%
Saudi Arabia
83%
South Sudan
83%
Slovenia
82%
Afghanistan
80%
Burundi
80%
Eritrea
80%
Guinea
80%
Qatar
80%
Somalia
80%
Colombia
75%
Denmark
75%
Guatemala
75%
Guyana
75%
Papua New Guinea
75%
South Korea
75%
United Kingdom
75%
Vietnam
75%
Zimbabwe
75%
Democratic Republic of the Congo
73%
Cuba
71%
Ethiopia
71%
Fiji
71%
Haiti
71%
Albania
67%
Australia
67%
Bahamas
67%
Belarus
67%
Botswana
67%
Chile
67%
Comoros
67%
Costa Rica
67%
Cyprus
67%
France
67%
Georgia
67%
Israel
67%
Kuwait
67%
Marshall Islands
67%
Moldova
67%
Montenegro
67%
Mozambique
67%
Namibia
67%
Nepal
67%
New Zealand
67%
Niger
67%
Nigeria
67%
Paraguay
67%
Philippines
67%
Seychelles
67%
South Africa
67%
Switzerland
67%
Turkey
67%
United States
67%
Uruguay
67%
Yemen
67%
Belgium
63%
Libya
63%
Mongolia
63%
Nauru
63%
Palau
63%
Turkmenistan
63%
Austria
60%
Bosnia and Herzegovina
60%
Cape Verde
60%
Czech Republic
60%
Federated States of Micronesia
60%
Lithuania
60%
Malta
60%
North Macedonia
60%
Tonga
60%
Zambia
60%
Jamaica
57%
Maldives
57%
Romania
57%
São Tomé and Príncipe
57%
Venezuela
57%
Antigua and Barbuda
56%
Serbia
56%
Sweden
53%
Bangladesh
50%
Bhutan
50%
Canada
50%
Eswatini
50%
Grenada
50%
Hungary
50%
Iceland
50%
Kiribati
50%
Lesotho
50%
Luxembourg
50%
Mauritania
50%
Oman
50%
Republic of the Congo
50%
Sri Lanka
50%
Tajikistan
50%
Tanzania
50%
Trinidad and Tobago
50%
Uganda
50%
Ukraine
50%
Vanuatu
50%
Iran
44%
Rwanda
44%
Samoa
44%
Germany
43%
Belize
40%
Burkina Faso
40%
Guinea-Bissau
40%
Jordan
40%
Tunisia
40%
Azerbaijan
33%
Cameroon
33%
Equatorial Guinea
33%
Honduras
33%
Ireland
33%
Kazakhstan
33%
Malawi
33%
Saint Kitts and Nevis
33%
Solomon Islands
33%
Syria
33%
Uzbekistan
33%
Barbados
29%
Cambodia
29%
Djibouti
25%
Iraq
25%
Slovakia
25%
Ghana
20%
Monaco
20%
San Marino
20%
Dominica
17%
Lebanon
17%
Saint Vincent and the Grenadines
17%
Tuvalu
17%
Saint Lucia
14%
Andorra
0%
Bahrain
0%
Brunei
0%
Gambia
0%
Greece
0%
Liechtenstein
0%
Singapore
0%
Suriname
0%
United Arab Emirates
0%

Score Distribution

Percentile by Number Answered

Percent of People with Each Score

Your Score History

You have not taken this quiz since the last reset